| 000 | 00399cam a22001337a 4500 | ||
|---|---|---|---|
| 008 | 180718b1965 xxu||||| |||| 00| 0 eng d | ||
| 082 | _aJ7 SP78 | ||
| 100 | _aSpreiregen, Paul D. | ||
| 245 |
_aUrban design: the architecture of towns and cities _cby Paul D. Spreiregen; illustrated by Aia |
||
| 260 |
_aNew York _bMcGrow-Hill _c1965 |
||
| 300 | _axi, 243p | ||
| 650 | _aCity planning. | ||
| 700 | _aAia | ||
| 999 |
_c409538 _d409538 |
||